Desarrollo y tendencias de la automatizacion del sistema de direccion de las escuelas superiores en la Republica socialista de Checoslovaquia

Enregistré dans:
Détails bibliographiques
Auteur principal: Kafková, Eva
Autres auteurs: Porvazník, Jozef
Format: Chapitre de livre
Langue:espagnol
Tags: Ajouter un tag
Pas de tags, Soyez le premier à ajouter un tag!

MARC

LEADER 00000naa a2200000 4500
001 0163006
005 20240502083401.5
041 0 |a spa 
044 |a CU 
245 1 0 |a Desarrollo y tendencias de la automatizacion del sistema de direccion de las escuelas superiores en la Republica socialista de Checoslovaquia  |c Eva Kafková, Jozef Porvazník 
100 1 |a Kafková, Eva 
700 1 |a Porvazník, Jozef